ডিজিটাল সেলস : (Record no. 12890)
[ view plain ]
| 000 -LEADER | |
|---|---|
| fixed length control field | 00744nam a2200229 a 4500 |
| 001 - CONTROL NUMBER | |
| JCCL Control Number | 12890 |
| 003 - CONTROL NUMBER IDENTIFIER | |
| JCCL marc code | BD-JhCC |
| 005 - DATE AND TIME OF LATEST TRANSACTION | |
| control field | 20230601090354.0 |
| 008 - FIXED-LENGTH DATA ELEMENTS--GENERAL INFORMATION | |
| fixed length control field | 230601s2023 b |||| |||| 000 0 b d |
| 020 ## - INTERNATIONAL STANDARD BOOK NUMBER | |
| International Standard Book Number | 9789849728580 |
| 035 ## - SYSTEM CONTROL NUMBER | |
| system control number | (BD-JhCC)12890 |
| 040 ## - CATALOGING SOURCE | |
| Original cataloging agency | BD-JhCC |
| Modifying agency | BD-JhCC |
| 041 ## - LANGUAGE CODE | |
| Language code of Book | ben |
| 082 ## - DEWEY DECIMAL CLASSIFICATION NUMBER | |
| Classification number | 658.85 |
| Author mark and Year | MAH 2023 |
| 100 ## - MAIN ENTRY--PERSONAL NAME | |
| Personal name | মাহদী, মুনতাসির |
| 245 ## - TITLE STATEMENT | |
| Title | ডিজিটাল সেলস : |
| Remainder of title | দ্য ফিউাচার অব সেলস / |
| Statement of responsibility, etc | মুনতাসির মাহদী |
| 260 ## - PUBLICATION, DISTRIBUTION, ETC. (IMPRINT) | |
| Place of publication, distribution, etc | ঢাকা : |
| Name of publisher, distributor, etc | শব্দশৈলী, |
| Date of publication, distribution, etc | ২০২৩ |
| 300 ## - PHYSICAL DESCRIPTION | |
| Pagination | ১৫২ পৃ. : |
| Dimensions | ২০ সেমি. |
| 650 ## - SUBJECT ADDED ENTRY--TOPICAL TERM | |
| Topical term or geographic name as entry element | Selling |
| 650 ## - SUBJECT ADDED ENTRY--TOPICAL TERM | |
| Topical term or geographic name as entry element | Electronic commerce |
| 942 ## - ADDED ENTRY ELEMENTS (KOHA) | |
| Source of classification or shelving scheme | Dewey Decimal Classification |
| Koha item type | Books |
| Source of classification or shelving scheme | Damaged status | Not for loan | Home library | Current library | Shelving location | Date of accession | Cost, normal purchase price | Total Checkouts | Full call number | Barcode | Date last seen | Date checked out | Copy number | Method of acquisition | Koha item type | Currency |
|---|---|---|---|---|---|---|---|---|---|---|---|---|---|---|---|---|
| Dewey Decimal Classification | JCC Rouf Library | JCC Rouf Library | General Stacks | 06/01/2023 | 263.00 | 5 | 658.85 MAH 2023 | 17994 | 09/30/2024 | 08/21/2024 | C-1 | Purchase | Books | BDT |